Normal view
MARC view
- Labor laws and legislation -- Philippines
Entry Topical Term
001 - CONTROL NUMBER
- control field: 40290
003 - CONTROL NUMBER IDENTIFIER
- control field: OSt
005 - DATE AND TIME OF LATEST TRANSACTION
- control field: 20191011132253.0
008 - FIXED-LENGTH DATA ELEMENTS
- fixed length control field: 191011|| aca||aabn | a|a d
040 ## - CATALOGING SOURCE
- Original cataloging agency: OSt
- Transcribing agency: OSt
150 ## - HEADING--TOPICAL TERM
- Topical term or geographic name entry element: Labor laws and legislation -- Philippines
670 ## - SOURCE DATA FOUND
- Source citation: Work cat.: (OSt): Villanueva, Elvin B. 40289, The labor code of the Philippines:, 2018.
